000 05061nam a2200265 4500
003 NALT
005 20250903150513.0
008 250901b th ||||| |||| 00| 0 tha d
020 _a97869168352304
040 _aNALT
086 _aสว 02 1.2 2567
110 2 _aสำนักงานเลขาธิการวุฒิสภา.
_bสำนักประชาสัมพันธ์
_92433
245 1 0 _aสรุปผลงานวุฒิสภา ประจำปี 2567 /
_cสำนักประชาสัมพันธ์ สำนักงานเลขาธิการวุฒิสภา.
250 _aพิมพ์ครั้งที่ 1.
260 _aกรุงเทพฯ :
_bสำนักประชาสัมพันธ์ สำนักงานเลขาธิการวุฒิสภา,
_c2568.
300 _a208 หน้า :
_bภาพประกอบ, ตาราง ;
_c29 ซม.
505 0 _aสารประธานวุฒิสภา และรองประธานวุฒิสภา -- บทนำ -- ส่วนที่ 1 งานด้านนิติบัญญัติการประชุมวุฒิสภา และการประชุมร่วมกันของรัฐสภา -- ข้อมูลด้านการประชุมของวุฒิสภา -- งานด้านนิติบัญญัติ -- ผลการดำเนินงานด้านอื่น ๆ -- การประชุมร่วมกันของรัฐสภา -- ส่วนที่ 2 งานด้านการควบคุมการบริหารราชการแผ่นดิน -- ญัตติ -- กระทู้ถาม -- ส่วนที่ 3 งานด้านการให้ความเห็นชอบ ให้คำแนะนำหรือการเลือกบุคคลให้ดำรงตำแหน่งตามที่รัฐธรรมนูญและกฎหมายกำหนด -- ด้านการให้ความเห็นชอบบุคคลในองค์กรตามรัฐธรรมนูญ -- ด้านการให้ความเห็นชอบ ให้คำแนะนำหรือการเลือกบุคคลให้ดำรงตำแหน่งตามที่กฎหมายกำหนด -- ส่วนที่ 4 งานด้านกรรมาธิการ -- ผลการดำเนินงานของคณะกรรมาธิการสามัญ วุฒิสภา -- ผลการดำเนินงานของคณะกรรมาธิการวิสามัญ วุฒิสภา -- ส่วนที่ 5 งานด้านการต่างประเทศ -- การรับรองแขกบุคคลสำคัญชาวต่างประเทศ -- การเลี้ยงรับรองเพื่อเป็นเกียรติแก่บุคคลสำคัญชาวต่างประเทศ และอื่น ๆ -- การประชุมองค์การรัฐสภาระหว่างประเทศ -- ส่วนที่ 6 งานด้านอื่น ๆ -- คณะกรรมการวิจัยและพัฒนาของวุฒิสภา -- คณะกรรมการวิชาการของวุฒิสภา -- โครงการเสริมสร้างความพร้อมแก่ท้องถิ่น หลักสูตร "กระบวนการเสริมสร้างผู้นำนักประชาธิปไตยแบบมีส่วนร่วม" -- โครงการสัมมนาเครือข่ายผู้นำนักประชาธิปไตยประจำภูมิภาค -- โครงการพัฒนาเยาวชนคนรุ่นใหม่กับการเรียนรู้วิถีประชาธิปไตย Senate Program for Democracy Learning -- โครงการเผยแพร่ความรู้เกี่ยวกับการเมือง การปกครอง บทบาทหน้าที่ และอำนาจของวุฒิสภา สู่เยาวชนในสถาบันการศึกษา (สภาจำลองสัญจร).
610 2 4 _aวุฒิสภา
_xผลงาน
_y2567
_966547
856 4 0 _uhttps://digitalbook.senate.go.th/senate-report2567/#p=1
_yE-Book
942 _2local
_cPAR
996 _ajidapa.t
_bACQSTF
_c2025-09-01
996 _avaree.k
_bLIBSTF
_c2025-09-02
996 _ajamriang.p
_bCATSTF
_c2025-09-03
999 _c107161
_d107161
998 _j1020
_k นางจำเรียง ระวังสำโรง